000 00609nam a2200241Ia 4500
003 OSt
005 20221005132150.0
006 a|||||r|||| 00| 0
007 ta
008 221004b |||||||| |||| 00| 0 tam d
024 _a52611
037 _cTextual
040 _aCRL
_cCRL
_btam
041 _2tam
_atam
082 _aY73(P31).211, 31K9
100 _aThamizholi Au.
_9640677
245 0 _aThamizhar samudayam
260 _c1969
650 _a TAMIL LANGUAGE
650 _aSOCIOLOGY
942 _hY73(P31).211, 31K9
_cTEXL
_2cc
999 _c1062618
_d1062618